00543nam a2200181 a 45000010010000000030011000100080041000210350026000620820014000881000018001022450019001202600061001396500024002009420012002249520090002369980020003269990015003460000-8861ELIB.Books110520 1969  a(ELIB.Books)0000-9007 a268 bRow aRowell, J. Cy aTo Be A Person bValley Forge: American Baptist Board of Education c1969 aChristian Education 2ddccBK 00102ddc4070aKBTSbKBTSd2011-05-20l0p3794r2022-01-22 00:00:00w2022-01-22yBK cbate2011-05-20 c8861d8861